Normal view
MARC view
Entry Topical Term
001 - CONTROL NUMBER
- control field: 15497
003 - CONTROL NUMBER IDENTIFIER
- control field: ARRUPE
005 - DATE AND TIME OF LATEST TRANSACTION
- control field: 20150224180601.0
008 - FIXED-LENGTH DATA ELEMENTS
- fixed length control field: 150224|| aca||aabn | a|a d
040 ## - CATALOGING SOURCE
- Original cataloging agency: ARRUPE
- Transcribing agency: ARRUPE
150 ## - HEADING--TOPICAL TERM
- Topical term or geographic name as entry element: Arabic drama
- Geographic subdivision: Egypt
- General subdivision: Translations into English.
670 ## - SOURCE DATA FOUND
- Source citation: Work cat.: (ARRUPE)0: Johnson-Davies, Denys. 15495, Egyptian one-act plays /, 1981.